000 00525cam a2200181 4500
001 D12235
008 090401t1899 xxu||||| |||| 00| 0 eng d
035 _a(Sirsi) u2205
041 _aeng
100 _aBrickdale, C. Fortescue
245 4 _aThe Land Transfer Acts, 1875 and 1877 with a commentary on the sections of the acts ... and Land Registry Rules ...
260 _aLondon
_bStevens and Sons
_c1899
350 _a0
520 _aShelf 113
700 _aSheldon, William Robert
942 _n0
948 _c04/03/1997
999 _c85738
_d85738